| 000 | 00346nam a2200145Ia 4500 | ||
|---|---|---|---|
| 999 |
_c22209 _d22209 |
||
| 082 | _a305.501 VEB-; | ||
| 100 | _aVeblen, Thorstein | ||
| 245 | 0 | _aTheory of the leisure class | |
| 260 |
_aNew Delhi _bVikas Publishing _c1973 |
||
| 300 | _a261p. | ||
| 504 | _aIncludes index | ||
| 650 | _aSocial classes | ||
| 650 | _aLeisure class | ||
| 942 | _cBK | ||